|
|
|
|
| LEADER |
00952cam a2200241 7i4500 |
| 001 |
0000023766 |
| 005 |
20180424090000.0 |
| 008 |
080827 eng |
| 090 |
0 |
0 |
|a QA76.9
|b .L55 2005
|
| 100 |
0 |
|
|a Lily Mohd Nooh
|
| 245 |
1 |
0 |
|a Multilevel inverter simulation system
|c Lily bt Mohd Nooh.
|
| 260 |
|
|
|a Bestari Jaya, Selangor:
|b UNISEL,
|c 2005.
|
| 300 |
|
|
|a vi, 58 p.:
|b col. ill.;
|c 30 cm.
|
| 500 |
|
|
|a Please login MyLib (library.unisel.edu.my/web/guest/mylibrary - click eDocument)
|
| 502 |
|
|
|a Thesis (Bachelor of Engineering-Electrical), UNISEL, 2005
|
| 504 |
|
|
|a Includes bibliographical references
|
| 610 |
2 |
|
|a Universiti Industri Selangor
|
| 650 |
0 |
0 |
|a Digital computer simulation
|
| 650 |
0 |
0 |
|a Dissertation, Academic
|
| 650 |
0 |
0 |
|a Computer programming
|
| 997 |
|
|
|a Engineering, Faculty
|b Engineering, Department
|
| 998 |
|
|
|a Electrical Engineering, Degree
|
| 999 |
|
|
|a THE0000526
|b THESIS
|c THESIS
|e Thesis Room, Bestari Jaya
|